000 00768nam a2200253Ia 4500
003 OSt
005 20220928114523.0
006 a|||||r|||| 00| 0
007 ta
008 220927b |||||||| |||| 00| 0 eng d
024 _a6099
037 _cTextual
040 _aSDCL
_cSDCL
_beng
041 _2eng
_aeng
082 _aV41:51'K8, P6
100 _aCosmo Nicola Di
_9439354
245 0 _aDiary of a Manchu soldier in seventeenth-century China
_bMy service in the army by Dzengseo
260 _aLondon
_bRoutledge
_c2006
300 _ax,140p
_ccm.
490 _aRoutledge studies in the early history of Asia
650 _aRevolution China
_9439355
942 _hV41:51'K8, P6
_cTEXL
_2CC
999 _c755056
_d755056